| 000 | 00524nam a2200181Ia 4500 | ||
|---|---|---|---|
| 008 | 230524s9999 xx 000 0 und d | ||
| 020 | _a9788177585636 | ||
| 082 |
_a658.45 _bKRI |
||
| 100 | _aK.N.Krishnaswamy | ||
| 245 | 0 | _a"Management Research Methodology: Integration of Principles, Methods and Techniqu" | |
| 250 | _aIST | ||
| 260 |
_aNEW DELHI _bPearson _c2009 |
||
| 300 | _aXXIII;567 | ||
| 500 | _aQuantity Number: 9 | ||
| 650 | _aManagement | ||
| 700 | _a" Appa Iyer Sivakumar , M.Mathirajan,,," | ||
| 942 | _cBK | ||
| 999 |
_c42755 _d42755 |
||